000 00672nam a2200253Ia 4500
003 OSt
005 20221006145436.0
006 a|||||r|||| 00| 0
007 ta
008 221006b |||||||| |||| 00| 0 eng d
020 _c
_18.50
024 _a14,830
037 _cTextual
040 _aEASL
_cEASL
_beng
041 _2eng
_aeng
082 _aO41,3xN01, 111L3
100 _aSNOW Edgar Ed.
_9654447
245 0 _aLiving China
_b Modern Chinese short stories
260 _aWestport
_bHyperion Press
_c1973
300 _a360p.
_ccm.
490 _v CEL
942 _hO41,3xN01, 111L3
_cTEXL
_2CC
999 _c1082916
_d1082916